Bayern munich 2023/24 squad - Statistics

General Stats
  • This quiz has been taken 108 times
  • The average score is 19 of 26
Answer Stats
Answer % Correct
#1 ๐Ÿ‡ฉ๐Ÿ‡ช Manuel Neuer
100%
#3 ๐Ÿ‡ฐ๐Ÿ‡ท Min-jae Kim
99%
#6 ๐Ÿ‡ฉ๐Ÿ‡ช Joshua Kimmich
95%
#10 ๐Ÿ‡ฉ๐Ÿ‡ช Leroy Sanรฉ
95%
#9 ๐Ÿด๓ ง๓ ข๓ ฅ๓ ฎ๓ ง๓ ฟ Harry Kane
94%
#19 ๐Ÿ‡จ๐Ÿ‡ฆ Alphoso Davies
93%
#2 ๐Ÿ‡ซ๐Ÿ‡ท Dayot Upamecano
93%
#8 ๐Ÿ‡ฉ๐Ÿ‡ช Leon Goretzka
90%
#4 ๐Ÿ‡ณ๐Ÿ‡ฑ Matthijs de Ligt
90%
#7 ๐Ÿ‡ฉ๐Ÿ‡ช Serge Gnabry
90%
#11 ๐Ÿ‡ซ๐Ÿ‡ท Kingsley Coman
88%
#42 ๐Ÿ‡ฉ๐Ÿ‡ช Jamal Musiala
84%
#25 ๐Ÿ‡ฉ๐Ÿ‡ช Thomas Mรผller
76%
#15 ๐Ÿด๓ ง๓ ข๓ ฅ๓ ฎ๓ ง๓ ฟ Eric Dier
72%
#27 ๐Ÿ‡ฆ๐Ÿ‡น Konrad Laimer
71%
#39 ๐Ÿ‡ซ๐Ÿ‡ท Mathys Tel
71%
#13 ๐Ÿ‡จ๐Ÿ‡ฒ Eric-Maxim Choupo-Moting
69%
#40 ๐Ÿ‡ฒ๐Ÿ‡ฆ Noussair Mazraoui
66%
#26 ๐Ÿ‡ฉ๐Ÿ‡ช Sven Ulreich
57%
#45 ๐Ÿ‡ฉ๐Ÿ‡ช Alexander Pavlovic
55%
#22 ๐Ÿ‡ต๐Ÿ‡น Raphaรซl Guerreiro
55%
#18 ๐Ÿ‡ฎ๐Ÿ‡ฑ Daniel Peretz
41%
#23 ๐Ÿ‡ซ๐Ÿ‡ท Sacha Boey
37%
#17 ๐Ÿ‡ช๐Ÿ‡ธ Bryan Zaragoza
34%
#20 ๐Ÿ‡ซ๐Ÿ‡ท Bouna Sarr
27%
#28 ๐Ÿ‡ฉ๐Ÿ‡ช Tarek Buchmann
13%
No matching quizzes found
Score Distribution
Percent of People with Each Score
Percentile by Number Answered
Your Score History
You have not taken this quiz